| 000 | 00409nam a22001337a 4500 | ||
|---|---|---|---|
| 020 | _a0-471-62416-0 | ||
| 082 | _a666 ULT'M | ||
| 100 |
_aULRICH, DONALD R, MACKENZIE, JOHN D _967303 |
||
| 245 | _aULTRASTRUCTURE PROCESSING OF ADVANCED CERAMICS | ||
| 260 |
_aNEWYORK _bJOHN WILEY _c1988 |
||
| 300 | _a1014P | ||
| 650 |
_aCERAMICS CONGRESSES GLASS CONGRESSES COMPOSITE MATERIALS CONGRESSES _967304 |
||
| 942 | _cBK | ||
| 999 |
_c575115 _d575115 |
||